000 00491nam a2200181Ia 4500
001 14428
005 20260306164913.0
008 260306t2006||||xx |||||||||||||| ||spa||
041 _aESP
082 _a515
_bB17
100 _aBalbás de la Corte, Alejandro
_eAUT
245 0 _aAnálisis matemático para la economía ll :
_bcálculo integral y sistemas dinámicos
260 _c2006
300 _a371 páginas :
_c24 cm.
650 _aGEN
654 _aCMA
942 _cLIB
_dJUS
_fJUS
_2ddc
_n
999 _c14428
_d14428